Finish the Lyrics - Statistics

General Stats
  • This quiz has been taken 8 times
  • The average score is 11 of 15
Answer Stats
LYRICS % Correct
And {Aubrey} was her name, A not so very ordinary girl or name But who's to blame?
100%
Asas {Naveen}? asas kibin?
100%
Everything you own in the box to the {Lance}
100%
{Harri}, my love so sweet
100%
{Isko}, {Isko}, {Isko} watashi washta (2x)
100%
To the {Lance}, to the {Lance}
100%
To the {Lance}, to the {Lance} (mmmmmm)
100%
Annakabogera, ganda ko'y irarampa. Di magpapatinag sa sasabihin ni {Gloria}
50%
Every second is a highlight, when we touch don't ever let me go. Dirty dancing in the moonlight, take me down like I'm a {Dominic}.
50%
{Gelo}, {Gelo} i can see your {Gelo}, gelooooooo
50%
{Henry}, how can I resist you?
50%
{Jejerald}, {Jejerald}, {Jejerald}, giputos ug papel gi pusil pusil hey!
50%
Mamma {Aiza}, here I go again
50%
Sino sha? C {Devanshi Shah}, {Devanshi shah}
50%
{Gigiselaaaa}...
0%
No matching quizzes found
Score Distribution
Percent of People with Each Score
Percentile by Number Answered
Your Score History
You have not taken this quiz